Kannada kogile Muddana. (Record no. 213048)

MARC details
000 -LEADER
fixed length control field 00578nam a2200193Ia 4500
003 - CONTROL NUMBER IDENTIFIER
control field OSt
005 - DATE AND TIME OF LATEST TRANSACTION
control field 20251205125559.0
008 - FIXED-LENGTH DATA ELEMENTS--GENERAL INFORMATION
fixed length control field 210719s1974 xx 000 0 und d
040 ## - CATALOGING SOURCE
Transcribing agency AL
041 ## - LANGUAGE CODE
Language code of text/sound track or separate title Kannada
082 ## - DEWEY DECIMAL CLASSIFICATION NUMBER
Classification number K894.3 PADK
100 ## - MAIN ENTRY--PERSONAL NAME
Personal name PADMANABHA SOMAYAJI
Dates associated with a name ಪದ್ಮನಾಭ ಸೋಮಯಾಜಿ
9 (RLIN) 247831
245 ## - TITLE STATEMENT
Title Kannada kogile Muddana.
Remainder of title ಕನ್ನಡ ಕೋಗಿಲೆ ಮುದ್ದಣ.
260 ## - PUBLICATION, DISTRIBUTION, ETC.
Place of publication, distribution, etc. Suratkal.
Name of publisher, distributor, etc. Navodaya Prakashana.,
Date of publication, distribution, etc. 1974
300 ## - PHYSICAL DESCRIPTION
Extent 128
Other physical details PB
365 ## - TRADE PRICE
Price amount 4
Currency code Rs
650 ## - SUBJECT ADDED ENTRY--TOPICAL TERM
Topical term or geographic name entry element Kannada Fiction
9 (RLIN) 247832
942 ## - ADDED ENTRY ELEMENTS (KOHA)
Source of classification or shelving scheme Dewey Decimal Classification
Koha item type Book
Holdings
Withdrawn status Lost status Source of classification or shelving scheme Damaged status Not for loan Collection code Home library Current library Date acquired Cost, normal purchase price Total Checkouts Full call number Barcode Date last seen Price effective from Koha item type
    Dewey Decimal Classification     Kannada St Aloysius Library St Aloysius Library 06/05/2002 4.00   K894.3 PADK D01148 07/19/2021 07/19/2021 Donated Books